[Event "Lliga Catalana DH"]
[Site "?"]
[Date "2018.02.03"]
[Round "3.6"]
[White "Saez Coma, Alejandro"]
[Black "Bru Rullo, Llatzer"]
[Result "1-0"]
[WhiteElo "2218"]
[BlackElo "2315"]
[PlyCount "111"]
[EventDate "2018.??.??"]
[WhiteTeam "CAT"]
[BlackTeam "PEC"]

1. d4 Nf6 2. Nf3 d5 3. Bf4 c5 4. e3 Nc6 5. c3 Qb6 6. Qb3 c4 7. Qc2 Bf5 8. Qc1
h6 9. h3 e6 10. Nbd2 Rc8 11. Be2 Be7 12. Bd1 Bd8 13. Bc2 Bc7 14. Qb1 Ne7 15.
Ne5 O-O 16. O-O Rfd8 17. Re1 Nd7 18. e4 Bxe5 19. Bxe5 dxe4 20. Bxe4 Nxe5 21.
Bxf5 N5g6 22. Be4 Nf4 23. Kh2 e5 24. Nf3 exd4 25. Nxd4 Nc6 26. Bxc6 bxc6 27.
Qf5 Ng6 28. Re2 c5 29. Nf3 Qd6+ 30. g3 Qd3 31. Qe4 Rb8 32. Qxd3 cxd3 33. Rd2 c4
34. Rad1 Rdc8 35. Nd4 Ne5 36. Kg2 a5 37. Re1 Nc6 38. Nf5 Re8 39. Ne3 Ne5 40.
Red1 Rec8 41. Nf5 Rc7 42. Re1 f6 43. f4 Nf7 44. Kf3 a4 45. Ne3 Rbb7 46. Nf5 Rd7
47. Re8+ Kh7 48. Ra8 Ra7 49. Rc8 Rdc7 50. Rb8 a3 51. b3 g6 52. Ne3 cxb3 53.
Rxb3 Rd7 54. c4 Nd6 55. Rbxd3 Ra6 56. c5 1-0

[Event "Lliga Catalana DH"]
[Site "?"]
[Date "2018.02.03"]
[Round "3.1"]
[White "Gonzalez Rodriguez, Jorge"]
[Black "Peralta, Fernando"]
[Result "0-1"]
[WhiteElo "2381"]
[BlackElo "2593"]
[PlyCount "57"]
[EventDate "2018.??.??"]
[WhiteTeam "FIG"]
[BlackTeam "EEB"]

1. b3 d5 2. Bb2 Bg4 3. h3 Bh5 4. g3 Nf6 5. Bg2 e6 6. Nf3 Be7 7. c4 O-O 8. cxd5
exd5 9. O-O c6 10. d3 a5 11. g4 Bg6 12. Ne5 Nfd7 13. Nxg6 fxg6 14. a3 Na6 15.
Nd2 Nc7 16. e3 Bd6 17. Nf3 Qe7 18. a4 Ne6 19. d4 Nc7 20. Qd3 Na6 21. Bc3 Bc7
22. Rfe1 Rfe8 23. Ra2 Nf6 24. Ne5 Nb4 25. Bxb4 Qxb4 26. Raa1 Bxe5 27. dxe5 Rxe5
28. Qd4 Qxd4 29. exd4 {IlÂ.legibles} 0-1

[Event "Lliga Catalana DH"]
[Site "?"]
[Date "2018.02.03"]
[Round "3.3"]
[White "Ibañez Tarradellas, Eduard"]
[Black "Narciso Dublan, Marc"]
[Result "1-0"]
[WhiteElo "2319"]
[BlackElo "2535"]
[PlyCount "77"]
[EventDate "2018.??.??"]
[WhiteTeam "FIG"]
[BlackTeam "EEB"]

1. d4 d5 2. Nf3 Nf6 3. Bg5 Ne4 4. Bf4 c5 5. e3 Qb6 6. Qc1 Nc6 7. c3 Bf5 8. Be2
e6 9. Nbd2 Be7 10. O-O g5 11. Be5 Rg8 12. Nxe4 dxe4 13. Nd2 Nxe5 14. dxe5 Qc7
15. Nc4 O-O-O 16. a4 g4 17. b4 Rd5 18. b5 Qd8 19. Rd1 h5 20. Ra2 Rxd1+ 21. Bxd1
f6 22. Rd2 Qf8 23. a5 Qg7 24. Qa3 Rd8 25. Nd6+ Kb8 26. Qxc5 fxe5 27. b6 Bxd6
28. Rxd6 Qe7 29. Rxd8+ Qxd8 30. Qxe5+ Ka8 31. Qd4 Qf8 32. c4 e5 33. Qxe5 h4 34.
c5 Bd7 35. Bb3 Bc6 36. Bd5 Bxd5 37. Qxd5 axb6 38. axb6 Kb8 39. Qe5+ 1-0

[Event "Lliga Catalana DH"]
[Site "?"]
[Date "2018.02.03"]
[Round "3.4"]
[White "Matnadze, Ana"]
[Black "Baños, Oscar Francisco"]
[Result "0-1"]
[WhiteElo "2482"]
[BlackElo "2307"]
[PlyCount "70"]
[EventDate "2018.??.??"]
[WhiteTeam "EEB"]
[BlackTeam "FIG"]

1. d4 f5 2. g3 Nf6 3. Bg2 g6 4. Nf3 Bg7 5. O-O O-O 6. d5 c6 7. c4 d6 8. Nc3 e5
9. dxe6 Bxe6 10. Bf4 Bxc4 11. Qxd6 Qxd6 12. Bxd6 Re8 13. Rfe1 Ne4 14. Nxe4 fxe4
15. Nd2 Bd5 16. Ba3 Na6 17. Rac1 b5 18. b4 Bf8 19. Rb1 Nc7 20. Nb3 a5 21. Nc5
Bxc5 22. bxc5 Bxa2 23. Rbd1 Bd5 24. h4 b4 25. Bb2 a4 26. f4 a3 27. Bf6 b3 28.
g4 b2 29. g5 Re6 30. Rd2 Rxf6 31. gxf6 Rb8 32. f7+ Kxf7 33. f5 b1=Q 34. Rxb1
Rxb1+ 35. Kh2 a2 0-1

[Event "Lliga Catalana DH"]
[Site "?"]
[Date "2018.02.03"]
[Round "3.5"]
[White "Pijuan Herranz, Manel"]
[Black "Grafl, Florian"]
[Result "0-1"]
[WhiteElo "2307"]
[BlackElo "2421"]
[PlyCount "20"]
[EventDate "2018.??.??"]
[WhiteTeam "FIG"]
[BlackTeam "EEB"]

1. d4 Nc6 2. Nf3 d5 3. c3 Nf6 4. Bf4 Bg4 5. Qb3 Rb8 6. Ne5 Nxe5 7. dxe5 Nd7 8.
Qxd5 e6 9. Qd2 c6 10. e4 Qc7 {Totalment irreproduible} 0-1

[Event "Lliga Catalana DH"]
[Site "?"]
[Date "2018.02.03"]
[Round "3.6"]
[White "Hernando Rodrigo, Julio Antonio"]
[Black "Pinsach Gelabert, Alexandre"]
[Result "1-0"]
[WhiteElo "2397"]
[BlackElo "2294"]
[PlyCount "121"]
[EventDate "2018.??.??"]
[WhiteTeam "EEB"]
[BlackTeam "FIG"]

1. d4 d5 2. Nf3 Nf6 3. c4 dxc4 4. g3 c6 5. Bg2 Be6 6. O-O Bd5 7. Nc3 e6 8. Bg5
Bb4 9. e4 Bxc3 10. exd5 Bxb2 11. Rb1 c3 12. dxe6 fxe6 13. Qb3 O-O 14. Qxe6+ Kh8
15. Ne5 Qe8 16. Qb3 Nbd7 17. Rfe1 Nxe5 18. dxe5 Nd7 19. Qxb7 Nxe5 20. Qb3 Rb8
21. Qc2 Qg6 22. Qxg6 Nxg6 23. Re4 c5 24. Be3 Rb4 25. Bxc5 Rxe4 26. Bxe4 Rc8 27.
Rd1 Ne5 28. Bxa7 Nf3+ 29. Kg2 Nd2 30. Bc2 Nc4 31. Bf5 Ra8 32. Rd7 Ne5 33. Rc7
Kg8 34. Bd4 Ra5 35. Be6+ Kf8 36. Bc5+ Rxc5 37. Rxc5 Nd3 38. Rc8+ Ke7 39. Bf5 c2
40. Bxd3 c1=Q 41. Rxc1 Bxc1 42. Bxh7 Ba3 43. f4 Kf6 44. Kf3 g5 45. f5 Bd6 46.
a4 Bc7 47. Kg4 Bb6 48. Bg6 Ba5 49. Be8 Be1 50. Bg6 Ba5 51. h4 gxh4 52. gxh4 Bd2
53. Kf3 Ke5 54. Ke2 Ba5 55. Kd3 Kd6 56. f6 Bd8 57. f7 Be7 58. Ke4 Kc5 59. Ke5
Kb4 60. Ke6 Bf8 61. Kd7 1-0

[Event "Lliga Catalana DH"]
[Site "?"]
[Date "2018.02.03"]
[Round "3.7"]
[White "Colls Gelaberto, Emili"]
[Black "Checa Forcen, Alberto"]
[Result "1/2-1/2"]
[WhiteElo "2271"]
[BlackElo "2361"]
[PlyCount "126"]
[EventDate "2018.??.??"]
[WhiteTeam "FIG"]
[BlackTeam "EEB"]

1. Nf3 d5 2. d4 Nf6 3. c4 c6 4. e3 Bf5 5. Nc3 e6 6. Bd3 Bg6 7. Ne5 Nbd7 8. f4
Nxe5 9. fxe5 Nd7 10. cxd5 cxd5 11. O-O Be7 12. Bxg6 hxg6 13. e4 dxe4 14. Nxe4
O-O 15. Be3 Nb6 16. Rc1 Nd5 17. Qb3 b6 18. Rc2 a5 19. a4 Ra7 20. Rc4 Rd7 21.
Bf2 Qa8 22. Qf3 Qa6 23. Rfc1 b5 24. Rc6 Qb7 25. axb5 Qxb5 26. b3 Qb7 27. R6c4
Rb8 28. Be1 Nb4 29. Bxb4 axb4 30. Nc5 Qxf3 31. gxf3 Bxc5 32. dxc5 Kf8 33. Kf2
Ke7 34. c6 Rc7 35. Ke3 Rb5 36. f4 g5 37. Rc5 gxf4+ 38. Kxf4 Rb8 39. Rg1 g6 40.
Rd1 Rh8 41. Kg3 f6 42. Rd4 fxe5 43. Rxb4 Kd6 44. Rbc4 e4 45. b4 Rch7 46. c7
Rh3+ 47. Kg4 R3h4+ 48. Kg5 R4h5+ 49. Kf4 e5+ 50. Kxe4 Rh4+ 51. Kf3 Rh3+ 52. Kg4
R3h4+ 53. Kg5 R4h5+ 54. Kf6 Rc8 55. b5 Rxh2 56. Kxg6 Rg2+ 57. Kf5 Rf2+ 58. Kg4
Rf4+ 59. Rxf4 Kxc5 60. Rf7 Kxb5 61. Kf5 Kc6 62. Kxe5 Rxc7 63. Rxc7+ Kxc7
1/2-1/2

[Event "Lliga Catalana DH"]
[Site "?"]
[Date "2018.02.03"]
[Round "3.8"]
[White "Avila Jimenez, Xavier"]
[Black "Parals Marce, Lluis"]
[Result "1-0"]
[WhiteElo "2318"]
[BlackElo "2214"]
[PlyCount "87"]
[EventDate "2018.??.??"]
[WhiteTeam "EEB"]
[BlackTeam "FIG"]

1. d4 g6 2. c4 Bg7 3. Nc3 d6 4. e4 e5 5. Nf3 Nc6 6. Bg5 f6 7. Be3 Nge7 8. d5
Nb8 9. c5 O-O 10. Nd2 f5 11. f3 f4 12. Bf2 Na6 13. Qb3 Kh8 14. Bxa6 bxa6 15.
Qa3 g5 16. Nc4 Rf6 17. h3 Ng6 18. Na5 dxc5 19. Na4 Nh4 20. O-O Rh6 21. Nc6 Qf6
22. Bxh4 gxh4 23. Qxc5 Bf8 24. Qc3 Bd6 25. Rf2 Rg6 26. Kf1 Bd7 27. Nc5 Bxc6 28.
dxc6 Rag8 29. Nd3 Qg7 30. Ne1 Rb8 31. Nd3 Rg8 32. Ne1 Rb8 33. a3 Qf7 34. Nd3
Qe7 35. Nxf4 Rg7 36. Nd5 Qd8 37. Rd1 Rb5 38. b4 a5 39. Qd3 Rb8 40. b5 Bc5 41.
Rc2 Bd4 42. a4 Rg8 43. Ke1 Rg6 44. Qa3 1-0

[Event "Lliga Catalana DH"]
[Site "?"]
[Date "2018.02.03"]
[Round "3.9"]
[White "Negre Moret, Albert"]
[Black "Orteu Capdevila, Max"]
[Result "1/2-1/2"]
[WhiteElo "2206"]
[BlackElo "2213"]
[PlyCount "47"]
[EventDate "2018.??.??"]
[WhiteTeam "FIG"]
[BlackTeam "EEB"]

1. d4 Nf6 2. Nc3 g6 3. e4 d6 4. f4 Bg7 5. Nf3 O-O 6. Bd3 Nc6 7. e5 dxe5 8. fxe5
Ng4 9. h3 Nh6 10. Ne2 f6 11. exf6 exf6 12. O-O Nf5 13. c3 Re8 14. Nf4 Qd6 15.
Qb3+ Kh8 16. Qd5 Nce7 17. Qxd6 Nxd6 18. Bd2 Bf5 19. Rae1 Bxd3 20. Nxd3 Nef5 21.
Nc5 Ng3 22. Rxe8+ Rxe8 23. Re1 Nge4 24. Nxe4 1/2-1/2

[Event "Lliga Catalana DH"]
[Site "?"]
[Date "2018.02.03"]
[Round "4.10"]
[White "Cortes Ruiz, Javier"]
[Black "Alonso Jimenez, Joan"]
[Result "1-0"]
[WhiteElo "2042"]
[BlackElo "2092"]
[PlyCount "49"]
[EventDate "2018.??.??"]
[WhiteTeam "FIG"]
[BlackTeam "EEB"]

1. e4 e5 2. Nf3 Nc6 3. Bc4 Bc5 4. b4 Bxb4 5. c3 Ba5 6. d4 exd4 7. O-O d3 8. Qb3
Qe7 9. Ba3 d6 10. e5 Nxe5 11. Nxe5 Qxe5 12. Nd2 Ne7 13. Rfe1 Qxc3 14. Qb5+ c6
15. Rxe7+ Kxe7 16. Re1+ Kd8 17. Qg5+ Qf6 18. Qxa5+ b6 19. Qa4 Bb7 20. Bxd3 Re8
21. Rxe8+ Kxe8 22. Ne4 Qa1+ 23. Bf1 Kd7 24. Nxd6 Kc7 25. Qf4 1-0

[Event "Lliga Catalana DH"]
[Site "?"]
[Date "2018.02.03"]
[Round "3.2"]
[White "Aroshidze, Levan"]
[Black "Serra Pages, Jordi"]
[Result "1-0"]
[WhiteElo "2557"]
[BlackElo "2338"]
[PlyCount "71"]
[EventDate "2018.??.??"]
[WhiteTeam "EEB"]
[BlackTeam "FIG"]

1. e4 e5 2. Nf3 Nc6 3. Bb5 a6 4. Ba4 Nf6 5. O-O Be7 6. Re1 b5 7. Bb3 O-O 8. c3
d5 9. exd5 Nxd5 10. Nxe5 Nxe5 11. Rxe5 c6 12. d3 Bd6 13. Re1 Bf5 14. Qf3 Bg6
15. Be3 Nxe3 16. Rxe3 Qg5 17. Qxc6 Bf4 18. Re1 Bc1 19. h4 Qh6 20. h5 Rac8 21.
Qxa6 Rce8 22. Rf1 Bf4 23. Nd2 Re5 24. Bd1 Bxd2 25. hxg6 fxg6 26. Qd6 Rfe8 27.
g3 Qh3 28. Bf3 Qf5 29. Be4 Qf6 30. Qxf6 gxf6 31. Rfd1 Bh6 32. a4 bxa4 33. Rxa4
f5 34. Bf3 Re1+ 35. Kg2 Rxd1 36. Bxd1 1-0

[Event "Lliga Catalana DH"]
[Site "?"]
[Date "2018.02.10"]
[Round "4.2"]
[White "Barbero Sendic, Alejandro"]
[Black "Narciso Dublan, Marc"]
[Result "0-1"]
[WhiteElo "2430"]
[BlackElo "2535"]
[PlyCount "78"]
[EventDate "2018.??.??"]
[WhiteTeam "LLE"]
[BlackTeam "EEB"]

1. e4 d6 2. d4 Nf6 3. Nc3 g6 4. Bg5 Bg7 5. Qd2 h6 6. Bh4 g5 7. Bg3 Nh5 8. O-O-O
e6 9. Be2 Nxg3 10. hxg3 Nc6 11. d5 Nd4 12. Bd3 c6 13. Nge2 Nxe2+ 14. Bxe2 exd5
15. exd5 O-O 16. f4 Re8 17. Bh5 g4 18. Qd3 Qf6 19. Rh4 Bf5 20. Qd2 b5 21. Bxg4
b4 22. Bxf5 Qxf5 23. Na4 c5 24. Qd3 Re4 25. Rh5 Qg6 26. f5 Qg4 27. Qf3 Rae8 28.
f6 Bxf6 29. Rf5 Bg5+ 30. Kb1 Qxf3 31. Rxf3 Re2 32. c3 Rxg2 33. cxb4 cxb4 34.
Rb3 Re4 35. a3 bxa3 36. Rxa3 Rb4 37. Rdd3 Bf6 38. Rdb3 Rxb3 39. Rxb3 Kg7 0-1

[Event "Lliga Catalana DH"]
[Site "?"]
[Date "2018.02.10"]
[Round "4.3"]
[White "Matnadze, Ana"]
[Black "Adel Lahchaichi, Oussama"]
[Result "0-1"]
[WhiteElo "2482"]
[BlackElo "2378"]
[PlyCount "101"]
[EventDate "2018.??.??"]
[WhiteTeam "EEB"]
[BlackTeam "LLE"]

1. d4 d5 2. Nf3 Nf6 3. c4 c6 4. Qb3 dxc4 5. Qxc4 Bf5 6. Nc3 e6 7. g3 Nbd7 8.
Bg2 Be7 9. O-O O-O 10. e3 Ne4 11. Qe2 Qb6 12. Nd2 Nxc3 13. bxc3 Bg6 14. a4 Qc7
15. f4 f6 16. a5 Bf7 17. Bb2 e5 18. Rfb1 Rfe8 19. Qf3 a6 20. e4 Bd6 21. Rf1 Rf8
22. h4 b5 23. h5 h6 24. Bh3 c5 25. d5 c4 26. Bxd7 Qxd7 27. f5 Rfc8 28. Rfc1
Rab8 29. g4 Be8 30. Kg2 b4 31. cxb4 Rxb4 32. Ba3 Ra4 33. Qc3 Qe7 34. Bxd6 Qxd6
35. Rxa4 Bxa4 36. Kf3 Bb5 37. Nf1 Kf7 38. Ne3 Ke7 39. Rd1 Kd7 40. Rh1 Qc5 41.
g5 Qd4 42. Qa3 fxg5 43. Rd1 g4+ 44. Kg3 Qxe4 45. Nxg4 Qf4+ 46. Kh3 c3 47. Re1
Qf3+ 48. Kh4 Rc4 49. Rg1 Qf2+ 50. Kh3 Rxg4 51. Ra1 0-1

[Event "Lliga Catalana DH"]
[Site "?"]
[Date "2018.02.10"]
[Round "4.4"]
[White "Martinez Lopez, Ivan "]
[Black "Grafl, Florian "]
[Result "1/2-1/2"]
[WhiteElo "2317"]
[BlackElo "2421"]
[PlyCount "70"]
[EventDate "2018.??.??"]
[WhiteTeam "LLE"]
[BlackTeam "EEB"]

1. Nf3 Nc6 2. d4 d5 3. g3 Bg4 4. Bg2 e6 5. O-O Bd6 6. c4 Nf6 7. Nc3 O-O 8. cxd5
Nxd5 9. Nxd5 exd5 10. Qb3 Bxf3 11. exf3 Nxd4 12. Qxd5 Ne2+ 13. Kh1 c6 14. Qc4
Nxc1 15. Raxc1 Qb6 16. f4 Rad8 17. Be4 Rfe8 18. Qc2 g6 19. h4 Bf8 20. Rcd1 Rd4
21. Bf3 Bg7 22. Rxd4 Bxd4 23. b3 Qa5 24. Kg2 Re1 25. Rxe1 Qxe1 26. Qe2 Qxe2 27.
Bxe2 Kf8 28. f5 Ke7 29. fxg6 fxg6 30. Bd3 Kf6 31. h5 b5 32. f4 a5 33. hxg6 hxg6
34. Be4 c5 35. Bd3 b4 1/2-1/2

[Event "Lliga Catalana DH"]
[Site "?"]
[Date "2018.02.10"]
[Round "4.5"]
[White "Hernando Rodrigo, Julio Antonio"]
[Black "Quintas Galeano, Lluis"]
[Result "1-0"]
[WhiteElo "2397"]
[BlackElo "2227"]
[PlyCount "73"]
[EventDate "2018.??.??"]
[WhiteTeam "EEB"]
[BlackTeam "LLE"]

1. d4 Nf6 2. c4 d6 3. Nc3 Nbd7 4. Nf3 e5 5. g3 Be7 6. Bg2 c6 7. O-O O-O 8. Qc2
Re8 9. d5 c5 10. e4 a6 11. a4 Bf8 12. Ne1 g6 13. Nd3 Bg7 14. h3 Nh5 15. g4 Nhf6
16. a5 Qe7 17. Be3 Kh8 18. Na4 Ng8 19. b4 cxb4 20. c5 dxc5 21. Ndxc5 Bf8 22.
Qb2 Qd8 23. Nxd7 Bxd7 24. Nb6 Rb8 25. f4 Bb5 26. fxe5 Bg7 27. Bd4 Qg5 28. e6
Bxd4+ 29. Qxd4+ f6 30. Rf2 Qe5 31. Qxe5 fxe5 32. Bf1 Bxf1 33. Raxf1 Rbd8 34.
Nc4 Rc8 35. Nd6 Ne7 36. Nxe8 Rxe8 37. Rf8+ 1-0

[Event "Lliga Catalana DH"]
[Site "?"]
[Date "2018.02.10"]
[Round "4.6"]
[White "Soler Pijuan, Ferran"]
[Black "Chueca Forcen, Alberto"]
[Result "0-1"]
[WhiteElo "2226"]
[BlackElo "2361"]
[PlyCount "88"]
[EventDate "2018.??.??"]
[WhiteTeam "LLE"]
[BlackTeam "EEB"]

1. d4 d5 2. c4 dxc4 3. e3 c5 4. Bxc4 cxd4 5. exd4 Qc7 6. Bb3 Bg4 7. f3 Bd7 8.
Ne2 e6 9. Nbc3 Nf6 10. Bg5 Be7 11. Rc1 Bc6 12. O-O Nbd7 13. Ba4 Qa5 14. Bxc6
bxc6 15. Bf4 O-O 16. Qa4 Qb6 17. Qc2 Rac8 18. Na4 Qa5 19. Bd2 Bb4 20. Bxb4 Qxb4
21. a3 Qa5 22. Nc5 Qb6 23. b4 a5 24. Rb1 axb4 25. Rxb4 Qa5 26. Ra4 Qc7 27. Rb1
Ra8 28. Na6 Qd6 29. Rc1 Rfc8 30. Nb4 Rxa4 31. Qxa4 c5 32. Nd3 Nb6 33. Qa7 c4
34. Ne5 Nfd7 35. Nxd7 Nxd7 36. Qa5 g6 37. Qb4 Qd5 38. Qc3 Nf6 39. Qe3 Qa5 40.
Qe5 Nd5 41. Rc3 Qa4 42. Rc1 Qxa3 43. Qe4 c3 44. Qd3 Nf4 0-1

[Event "Lliga Catalana DH"]
[Site "?"]
[Date "2018.02.10"]
[Round "4.7"]
[White "Nazarenus, Moritz "]
[Black "Bruned Segura, Mario"]
[Result "1-0"]
[WhiteElo "2265"]
[BlackElo "2217"]
[PlyCount "67"]
[EventDate "2018.??.??"]
[WhiteTeam "EEB"]
[BlackTeam "LLE"]

1. d4 d6 2. Nf3 Bg4 3. Nbd2 Nd7 4. c3 e5 5. dxe5 Nxe5 6. Nxe5 dxe5 7. h3 Be6 8.
e4 Bc5 9. Qh5 Qf6 10. Nf3 Bd6 11. Be2 g6 12. Qg5 h6 13. Qe3 Qe7 14. O-O Nf6 15.
b4 Nh5 16. c4 Bxb4 17. Nxe5 Qc5 18. Qb3 Qxe5 19. Qxb4 Nf4 20. Bxf4 Qxf4 21.
Rfd1 Qxe4 22. Re1 a5 23. Qa3 O-O-O 24. Qxa5 Kb8 25. Rab1 Bc8 26. Bf3 Qf5 27.
Rb5 Qd7 28. Reb1 c6 29. Rb6 Qd2 30. Rxb7+ Bxb7 31. Rxb7+ Kxb7 32. Qb5+ Ka7 33.
Qc5+ Kb8 34. Qb6+ 1-0

[Event "Lliga Catalana DH"]
[Site "?"]
[Date "2018.02.10"]
[Round "4.9"]
[White "Cortes Ruiz, Javier"]
[Black "Masague Artero, Guerau"]
[Result "0-1"]
[WhiteElo "2042"]
[BlackElo "2164"]
[PlyCount "76"]
[EventDate "2018.??.??"]
[WhiteTeam "EEB"]
[BlackTeam "LLE"]

1. e4 c5 2. Nf3 Nc6 3. d4 cxd4 4. Nxd4 Nf6 5. Nc3 e5 6. Ndb5 d6 7. Bg5 a6 8.
Bxf6 gxf6 9. Na3 b5 10. Nd5 f5 11. Bxb5 axb5 12. Nxb5 Ra4 13. b4 Rxb4 14. Nbc7+
Kd7 15. O-O Rg8 16. Qh5 Qg5 17. Qxf7+ Be7 18. g3 Qg6 19. Qxg6 hxg6 20. Nxb4
Nxb4 21. Nd5 Nxd5 22. exd5 Ba6 23. Rfb1 Rc8 24. Rb6 Bc4 25. Rb7+ Rc7 26. Rxc7+
Kxc7 27. a4 Kb7 28. Rb1+ Ka7 29. Rd1 Bd8 30. Kg2 Bb6 31. f3 e4 32. fxe4 fxe4
33. g4 e3 34. Re1 Bxd5+ 35. Kg3 g5 36. h4 gxh4+ 37. Kxh4 Bc4 38. g5 e2 0-1

[Event "Lliga Catalana DH"]
[Site "?"]
[Date "2018.02.10"]
[Round "4.10"]
[White "Sole Gonzalez, Edgar"]
[Black "Tomas Blanco, Joan"]
[Result "1-0"]
[WhiteElo "2134"]
[BlackElo "1737"]
[PlyCount "107"]
[EventDate "2018.??.??"]
[WhiteTeam "LLE"]
[BlackTeam "EEB"]

1. d4 d5 2. c4 e6 3. Nc3 Nf6 4. cxd5 exd5 5. Bg5 Be7 6. e3 O-O 7. Nf3 h6 8. Bh4
c6 9. Qc2 Bg4 10. Be2 Nbd7 11. O-O Re8 12. Rab1 Nf8 13. b4 Ng6 14. Bg3 Rc8 15.
h3 Be6 16. Bd3 Nf8 17. Rfc1 Bd6 18. Bxd6 Qxd6 19. Qa4 N8d7 20. Ne2 a6 21. Nd2
Nf8 22. Qc2 Bd7 23. Nb3 Rc7 24. Nc5 Bc8 25. Ng3 Rce7 26. Nf5 Bxf5 27. Bxf5 Ne6
28. a4 Ng5 29. b5 axb5 30. axb5 Nge4 31. Bxe4 Nxe4 32. Nxe4 Rxe4 33. bxc6 bxc6
34. Qxc6 R4e6 35. Qxd6 Rxd6 36. Rb7 Red8 37. Rcc7 Rf6 38. Rd7 Ra8 39. Rb2 Ra5
40. g3 g5 41. Rdb7 Kg7 42. Kg2 h5 43. R7b5 Rxb5 44. Rxb5 Rd6 45. Kf3 f5 46. h4
Kf6 47. hxg5+ Kxg5 48. Rb8 Kg6 49. Kf4 Kg7 50. Kg5 Rg6+ 51. Kxh5 Rh6+ 52. Kg5
Rh2 53. Rb7+ Kf8 54. Rb2 1-0

[Event "Lliga Catalana DH"]
[Site "?"]
[Date "2018.02.10"]
[Round "4.1"]
[White "Asis Gargatagli, Hipolito"]
[Black "Guerra Mendez, Jose Angel"]
[Result "1-0"]
[WhiteElo "2561"]
[BlackElo "2544"]
[PlyCount "71"]
[EventDate "2018.??.??"]
[WhiteTeam "SCU"]
[BlackTeam "PEC"]

1. e4 e5 2. Nf3 Nc6 3. Bc4 Bc5 4. c3 Nf6 5. d3 O-O 6. Bg5 h6 7. Bh4 Be7 8. Nbd2
d6 9. Bb3 Nh5 10. Bxe7 Qxe7 11. Nf1 Nf4 12. Ne3 Qf6 13. Bc2 a5 14. a4 Ne7 15.
g3 Nh3 16. Qe2 c5 17. Ng1 Nxg1 18. Rxg1 Be6 19. O-O-O Rfb8 20. f4 exf4 21. Rdf1
b5 22. gxf4 bxa4 23. Qh5 Nc6 24. Bxa4 Ra6 25. Bxc6 Rxc6 26. e5 dxe5 27. fxe5
Qd8 28. Qxh6 Qf8 29. Nf5 Bxf5 30. Qxc6 Bxd3 31. Rf3 c4 32. e6 f6 33. Qd7 g6 34.
Rxd3 cxd3 35. Rxg6+ Kh8 36. e7 1-0

[Event "Lliga Catalana DH"]
[Site "?"]
[Date "2018.02.10"]
[Round "4.2"]
[White "Gual Pascual, Antonio"]
[Black "Alonso Bouza, Julio Javier"]
[Result "0-1"]
[WhiteElo "2485"]
[BlackElo "2373"]
[PlyCount "90"]
[EventDate "2018.??.??"]
[WhiteTeam "PEC"]
[BlackTeam "SCU"]

1. d4 Nf6 2. c4 g6 3. f3 Nc6 4. d5 Ne5 5. e4 d6 6. Nc3 c6 7. f4 Ned7 8. Nh3 Bg7
9. Be2 cxd5 10. cxd5 O-O 11. Nf2 Nb6 12. Be3 e6 13. dxe6 Bxe6 14. O-O Nc4 15.
Bd4 Rc8 16. Rb1 a6 17. g4 Ne8 18. g5 f6 19. gxf6 Nxf6 20. b3 Na3 21. Rc1 Ne8
22. Bxg7 Nxg7 23. Nd3 Nb5 24. Nxb5 Qb6+ 25. Kh1 axb5 26. Nb4 Rxc1 27. Qxc1 Qd4
28. Qe1 Qxe4+ 29. Bf3 Qxe1 30. Rxe1 Rxf4 31. Bd5 Kf7 32. Bxe6+ Nxe6 33. Nd5 Rf5
34. Rd1 g5 35. Kg1 h5 36. Rf1 Nf4 37. Ne3 Ne2+ 38. Kg2 Rxf1 39. Kxf1 Nc3 40. a3
Ke6 41. Ke1 d5 42. Kd2 Ne4+ 43. Kd3 Nc5+ 44. Kc3 Ke5 45. Nc2 Ne6 0-1

[Event "Lliga Catalana DH"]
[Site "?"]
[Date "2018.02.10"]
[Round "4.3"]
[White "Lillo Castany, Victor"]
[Black "Djuric, Stefan"]
[Result "0-1"]
[WhiteElo "2401"]
[BlackElo "2470"]
[PlyCount "112"]
[EventDate "2018.??.??"]
[WhiteTeam "SCU"]
[BlackTeam "PEC"]

1. e4 e5 2. Nf3 Nc6 3. Bc4 Bc5 4. c3 Qe7 5. O-O Nf6 6. d3 a6 7. Nbd2 d6 8. b4
Ba7 9. a4 O-O 10. Bb3 Be6 11. Nc4 d5 12. exd5 Nxd5 13. Bd2 f6 14. b5 Nd8 15.
Re1 Qf7 16. Qe2 g5 17. b6 Bxb6 18. Bxg5 fxg5 19. Nxb6 Nf4 20. Qxe5 cxb6 21.
Nxg5 Qg6 22. Qxf4 Bxb3 23. Qh4 h6 24. Ne4 Ne6 25. Ng3 Rae8 26. Re4 Ng5 27. Rg4
Be6 28. Rb4 Qf6 29. Rf1 a5 30. Rd4 Kh7 31. Kh1 Re7 32. f4 Ne4 33. Qxf6 Nxg3+
34. hxg3 Rxf6 35. Rd6 Kg7 36. Rxb6 Bf5 37. Rfb1 Rxb6 38. Rxb6 Bxd3 39. Rd6 Re1+
40. Kh2 Be4 41. Re6 Re2 42. Re5 Rxg2+ 43. Kh3 Bc6 44. Rxa5 Ra2 45. Kg4 Bd7+ 46.
Kf3 Rxa4 47. Rc5 Bc6+ 48. Kg4 Kg6 49. Re5 Re4 50. Rc5 Re3 51. Kh4 Re1 52. g4
Re4 53. Kg3 Re3+ 54. Kh4 Rf3 55. Rc4 Kh7 56. g5 Bd7 0-1

[Event "Lliga Catalana DH"]
[Site "?"]
[Date "2018.02.10"]
[Round "4.4"]
[White "Alonso Garcia, Rene "]
[Black "Lerch Gallemi, Jose Maria"]
[Result "1/2-1/2"]
[WhiteElo "2424"]
[BlackElo "2322"]
[PlyCount "32"]
[EventDate "2018.??.??"]
[WhiteTeam "PEC"]
[BlackTeam "SCU"]

1. d4 Nf6 2. c4 e6 3. Nc3 Bb4 4. Qc2 O-O 5. a3 Bxc3+ 6. Qxc3 Ne4 7. Qc2 f5 8.
Nh3 d6 9. f3 Nf6 10. Bg5 e5 11. dxe5 dxe5 12. e3 Qe8 13. Be2 a5 14. O-O a4 15.
c5 Be6 16. Bxf6 Rxf6 1/2-1/2

[Event "Lliga Catalana DH"]
[Site "?"]
[Date "2018.02.10"]
[Round "4.5"]
[White "Mateos Rozas, Miguel Angel"]
[Black "Escandell Mari, Juan Carlos"]
[Result "1/2-1/2"]
[WhiteElo "2295"]
[BlackElo "2351"]
[PlyCount "73"]
[EventDate "2018.??.??"]
[WhiteTeam "SCU"]
[BlackTeam "PEC"]

1. e4 c5 2. Nf3 e6 3. Qe2 Nc6 4. g3 g6 5. Bg2 Bg7 6. O-O Nge7 7. c3 e5 8. d3 d6
9. a3 O-O 10. b4 h6 11. Be3 b6 12. Nfd2 Be6 13. b5 Na5 14. c4 Rc8 15. Nc3 f5
16. f3 f4 17. Bf2 g5 18. g4 h5 19. h3 hxg4 20. fxg4 Ng6 21. Qf3 Bf6 22. Rfb1
Qd7 23. Nf1 Kg7 24. Nh2 Rh8 25. Ra2 Nh4 26. Bxh4 Rxh4 27. Rc2 Rch8 28. Nd1 Bd8
29. Nf2 Kg6 30. Bf1 Bc7 31. Bg2 Nb7 32. Qd1 Nd8 33. Nf3 R4h6 34. a4 Bf7 35. Kf1
Ne6 36. Ra2 Nf8 37. Qe2 1/2-1/2

[Event "Lliga Catalana DH"]
[Site "?"]
[Date "2018.02.10"]
[Round "4.6"]
[White "Bru Rullo, Llatzer"]
[Black "Romero Calderon, Joan"]
[Result "1-0"]
[WhiteElo "2315"]
[BlackElo "2301"]
[PlyCount "107"]
[EventDate "2018.??.??"]
[WhiteTeam "PEC"]
[BlackTeam "SCU"]

1. e4 e6 2. d4 d5 3. Nd2 c5 4. Ngf3 Nc6 5. exd5 exd5 6. Bb5 Nf6 7. O-O Be7 8.
dxc5 Bxc5 9. Re1+ Kf8 10. Bxc6 bxc6 11. Nb3 Bd6 12. Be3 Bg4 13. h3 Bh5 14. c4
dxc4 15. Nbd4 Qd7 16. Qc2 Nd5 17. Rad1 Nxe3 18. Rxe3 Bg6 19. Qxc4 c5 20. Ne6+
fxe6 21. Ne5 Qc7 22. Nxg6+ hxg6 23. Qxe6 Rh5 24. Rxd6 Qf7 25. Qe4 Re8 26. Qxe8+
Qxe8 27. Rxe8+ Kxe8 28. Rxg6 Kf8 29. Ra6 Rd5 30. Rxa7 Rd1+ 31. Kh2 Rd2 32. Rb7
Rxf2 33. a4 Rf4 34. b3 Rf2 35. a5 Ra2 36. Rb5 Ra3 37. Rxc5 Rxb3 38. Rc7 Ra3 39.
Ra7 Kg8 40. h4 Kh7 41. g3 Kg6 42. Kh3 Kf6 43. Ra6+ Kf5 44. Ra7 g6 45. a6 Kf6
46. Ra8 Ra4 47. Kg2 Kf5 48. a7 Kg4 49. h5 g5 50. h6 Ra2+ 51. Kf1 Ra1+ 52. Ke2
Ra2+ 53. Kd1 Ra1+ 54. Kc2 1-0

[Event "Lliga Catalana DH"]
[Site "?"]
[Date "2018.02.10"]
[Round "4.7"]
[White "Brusi Noguera, Ricardo Ll"]
[Black "Castellet Giralt, Gabriel"]
[Result "1-0"]
[WhiteElo "2310"]
[BlackElo "2322"]
[PlyCount "53"]
[EventDate "2018.??.??"]
[WhiteTeam "SCU"]
[BlackTeam "PEC"]

1. d4 Nf6 2. c4 g6 3. Nc3 d5 4. Nf3 Bg7 5. cxd5 Nxd5 6. Na4 Nd7 7. e4 N5b6 8.
Be3 Nxa4 9. Qxa4 O-O 10. Rd1 Nf6 11. Qc2 c6 12. h3 Be6 13. b3 Qa5+ 14. Rd2 Rad8
15. Bd3 h6 16. O-O g5 17. g4 h5 18. e5 hxg4 19. Nxg5 Nd5 20. Bh7+ Kh8 21. Bg8
f5 22. Bxe6 Bh6 23. hxg4 Kg7 24. Bxd5 Qxd5 25. Qc5 Qd7 26. Bf4 Rh8 27. e6 1-0